Le mois de janvier - Statistiques

Statistiques générales
  • Ce quiz a été pris 30 fois
  • Le résultat moyen est 9 sur 16
Statistiques - réponses
Questions Réponses % Correct
Fête religieuse du 6 janvier. L'épiphanie
92%
Engagement que l'on prend soi-même le 1er janvier pour améliorer son mode de vie, sa façon d'être, ses habitudes et qu'en général, on abandonne dès le lendemain. Les résolutions
88%
Expression générale de souhaits pour une année à venir que l'on adresse à ses proches, ses collègues, ses amis, etc. au mois de janvier et en particulier, au 1er janvier : les bons ____. Vœux
88%
Préparation culinaire souvent consommée au cours de la fête du 6 janvier. La galette des Rois
85%
Personnages religieux qui sont honorés par la fête précédente. Les Rois mages
77%
Vente de produits à prix réduit qui pousse les consommateurs à se ruer comme un seul homme vers les magasins en janvier et en juillet, grandes enseignes qui en conséquences, gonflent leurs prix pour le restant de l'année. Les soldes
73%
Reporter de fiction créé le 10 janvier 1929 par Hergé. Tintin
73%
Roi de France exécuté le 21 janvier 1793, un hommage lui est rendu tous les ans, en date du 21 janvier, par de nombreux royalistes. Louis XVI
69%
Complétez ce dicton : "Janvier d'eau chiche fait le paysan ____" Riche
50%
Ville d'Amérique du sud dont le nom signifie "Rivière de Janvier" dans la langue nationale, car sa baie a été découverte en janvier 1502. Rio de Janeiro
50%
Sport dont les épreuves phare de la Coupe du monde comme Oberhof et Ruhpolding (en Allemagne) et Nové Mesto (en Tchéquie) sont disputées au mois de janvier : respectivement du 8 au 11, du 14 au 18 et du 22 au 25. Le biathlon
38%
Événement tragique qui secoua l'Irlande (du Nord) dans la ville de Derry au 30 janvier 1972 lorsque des soldats britanniques ont tiré sur une marche pacifiste de défenseurs des droits civiques, causant la mort de treize personnes. Le dimanche sanglant / Bloody Sunday
35%
Sainte patronne de Paris qui convainquit les Parisiens de ne pas paniquer malgré la menace des Huns d'Attila. Elle est célébrée le 3 janvier. Sainte Geneviève
31%
Station de sports d'hiver autrichienne dont la descente de ski alpin sur sa célèbre "Streif" a lieu chaque année en janvier. Ce sera le 24 janvier en 2026. Kitzbühel
15%
Docteur angélique et saint philosophe du Moyen-âge célébré le 28 janvier. Saint Thomas d'Aquin
8%
Personnage biblique dont la conversion sur le chemin de Damas est célébrée le 25 janvier. Saint Paul de Tarse
0%
Aucun quiz correspondant
Distribution des résultats
% des personnes avec chaque résultat
Percentile par nombre de réponses
Votre historique - résultats
Vous n’avez pas pris ce quiz